[Event "AUTO-INT-3950"]
[Site "http://www.queenalice.com/game.php?id=1867970"]
[Date "2026.1.15"]
[Round "2"]
[White "Quanah4"]
[Black "Hovis"]
[Result "1-0"]
[WhiteElo "1717"]
[BlackElo "1622"]

1. c4 Nf6 2. g3 Nc6 3. Bg2 e6 4. e3 Be7 5. Ne2 d5 6. cxd5 exd5 7. d4 O-O 8. Nbc3
Re8 9. O-O Bd7 10. Nxd5 Bf5 11. Nxe7+ Qxe7 12. a3 Rab8 13. Bxc6 bxc6 14. b4 Be4
15. Bb2 Qe6 16. Rc1 g5 17. f3 Qh3 18. Rf2 Nd5 19. fxe4 Rxe4 20. Qf1 g4 21. Rxf7
Qh6 22. Kh1 Rf8 23. Rxf8+ Qxf8 24. Qxf8+ Kxf8 25. Rxc6 Rxe3 26. Rc2 h5 27. Bc1
Rf3 28. Kg2 Nf6 29. Rxc7 Ne4 30. Nf4 h4 31. Ng6+ Kg8 32. Nxh4 Rc3 33. Rxc3 Nxc3
34. Nf5 Kf7 35. Ne3 1-0

[Event "AUTO-INT-3950"]
[Site "http://www.queenalice.com/game.php?id=1867972"]
[Date "2026.1.15"]
[Round "2"]
[White "Quanah4"]
[Black "askasl159"]
[Result "1-0"]
[WhiteElo "1739"]
[BlackElo "1721"]

1. c4 c5 2. g3 g6 3. Bg2 Bg7 4. e3 e5 5. Ne2 Ne7 6. d4 exd4 7. exd4 cxd4 8. Nxd4
O-O 9. O-O Nec6 10. Be3 d6 11. Nc3 Na6 12. a3 Nc5 13. Bxc6 bxc6 14. Nxc6 Qd7 15.
Nd4 Bb7 16. b4 Qh3 17. f3 Bxd4 18. Bxd4 Ne6 19. Be3 Rad8 20. Qe2 d5 21. Rad1 d4
22. Bxd4 Nxd4 23. Qf2 Nf5 24. Ne2 Rxd1 25. Rxd1 Re8 26. Nf4 Qh6 27. Rd7 Bc6 28.
Rd3 g5 29. Ng2 g4 30. fxg4 Bxg2 31. Qxg2 Re1+ 32. Kf2 Ne3 33. Qa8+ Kg7 34. Kxe1
Nc2+ 35. Kf2 Qxh2+ 36. Qg2 Qxg2+ 37. Kxg2 Ne1+ 38. Kf2 Nxd3+ 39. Ke3 Ne5 40. c5
Nc4+ 41. Ke4 Nxa3 42. c6 Nb5 43. Kd5 Kf6 44. Kc5 a6 45. Kb6 Kg5 46. c7 Nd6 47.
Kxa6 Kxg4 48. b5 f5 49. b6 Kxg3 50. b7 f4 51. b8=Q f3 52. c8=Q f2 53. Qxd6+ Kg2
54. Qg8+ Kf1 55. Qc4+ 1-0